Personnages des Looney Tunes - Statistiques

Statistiques générales
  • Ce quiz a été pris 351 fois
  • Le résultat moyen est 12 sur 18
Statistiques - réponses
Indice Personnage % Correct
Lapin gris facétieux qui adore les carottes Bugs Bunny
98%
Canari jaune très malin Titi
97%
Chat qui veut le manger Sylvestre
94%
Canard noir le plus souvent jaloux de ce dernier Daffy Duck
91%
Diable de Tasmanie qui se déplace tel une tornade Taz
89%
Un Grand géocoucou qui court très très vite Bip-Bip
88%
Le prédateur qui veut à tout prix l'attraper (sans succès) Vil Coyote
85%
Souris mexicaine courant elle aussi très vite Speedy Gonzalez
80%
Vieille dame s'appelant Emma Webster, mais plus connue sous le nom de... Mémé
63%
Cochon anthropomorphe bégayant Porky Pig
60%
La petite amie du lapin gris Lola Bunny
59%
Putois qui séduit tout ce qui bouge Pépé le putois
59%
Cowboy colérique à la grosse moustache rouge Sam le pirate
54%
Humain qui joue le rôle de chasseur principalement Elmer Fudd
43%
Extraterrestre au casque vert et habillé en rouge Marvin le Martien
43%
Grand coq blanc très bavard Charlie le coq
35%
Le bouledogue de cette dernière, très protecteur du canari jaune Hector le bouledogue
18%
Jeune kangourou souvent confondu avec une souris géante par l'un des protagonistes Hippety Hopper
4%
Aucun quiz correspondant
Distribution des résultats
% des personnes avec chaque résultat
Percentile par nombre de réponses
Votre historique - résultats
Vous n’avez pas pris ce quiz